Thực hành tiếp thị du kích trong 30 ngày
Sách là 1 hướng dẫn cụ thể để phát triển khách hàng, các phương pháp tiếp thị và các hoạt động tiếp thị từng bước một. Quyển sách cũng tập hợp những ý tưởng tiếp thị theo kiểu du kích mà bất kỳ doanh nghiệp nào cũng có thể áp dụ...
Wedi'i Gadw mewn:
| Fformat: | Llyfr |
|---|---|
| Iaith: | Undetermined |
| Cyhoeddwyd: |
Hà Nội
Giao thông vận tải
2007
|
| Pynciau: | |
| Tagiau: |
Ychwanegu Tag
Dim Tagiau, Byddwch y cyntaf i dagio'r cofnod hwn!
|
| Thư viện lưu trữ: | Trung tâm Học liệu Trường Đại học Cần Thơ |
|---|
| LEADER | 00993nam a2200205Ia 4500 | ||
|---|---|---|---|
| 001 | CTU_129356 | ||
| 008 | 210402s9999 xx 000 0 und d | ||
| 020 | |c 50000 | ||
| 082 | |a 658.8 | ||
| 082 | |b Th552 | ||
| 245 | 0 | |a Thực hành tiếp thị du kích trong 30 ngày | |
| 245 | 0 | |c Biên dịch Hương Huy | |
| 260 | |a Hà Nội | ||
| 260 | |b Giao thông vận tải | ||
| 260 | |c 2007 | ||
| 520 | |a Sách là 1 hướng dẫn cụ thể để phát triển khách hàng, các phương pháp tiếp thị và các hoạt động tiếp thị từng bước một. Quyển sách cũng tập hợp những ý tưởng tiếp thị theo kiểu du kích mà bất kỳ doanh nghiệp nào cũng có thể áp dụng để gia tăng lợi nhận. | ||
| 650 | |a Marketing,Tiếp thị | ||
| 650 | |x Management,Quản lý | ||
| 904 | |i Giang | ||
| 980 | |a Trung tâm Học liệu Trường Đại học Cần Thơ | ||